• 首页
  • 本馆介绍
  • 公告通知
  • 最新文献
  • 馆藏检索
  • 电子资源
  • 读者导购
  • 参考咨询
  • 我的图书馆
  • 登录
  • 详细信息显示
  • 放入我的书架
  • 预约/预借图书
  • 作者相关作品
  • 分类相关作品
  • 丛书相关作品
  • 出版社相关作品

书目信息

  • 表格格式
  • 工作单格式
  • 卡片格式
题名:
组织细胞化学理论与技术
    
 
作者: 王廷华 主编
分册:  
出版信息: 北京   科学出版社  2005
页数: 238页
开本: 26cm
丛书名: 21世纪生物技术丛书
单 册:
中图分类: Q26 , Q5
科图分类:
主题词: 组织细胞 , 细胞化学 , 组织细胞--细胞化学 , 生物化学
电子资源:
ISBN: 7-03-014671-9
000 00994nam0 2200313 450
000 00954nam0 2200289 450
000 00888nam0 2200265 450
000 00851nam0 2200253 45
005 20070528133442.18
010    @a7-03-014671-9@dCNY48.00
100    @a20070418d2005 em y0chiy0120 ea
101 0  @achi
102    @aCN@b110000
105    @aa z 000yy
200 1  @a组织细胞化学理论与技术@AZu Zhi Xi Bao Hua Xue Li Lun Yu Ji Shu@f王廷华等主编@FWang Ting Hua Deng Zhu Bian
210    @a北京@c科学出版社@d2005
215    @a238页@c图@d26cm
225 2  @a21世纪生物技术丛书
330    @a本书分为上下两篇,上篇介绍了组织细胞化学的基本理论知识;下篇介绍了一些具体的组织细胞化学实验方法及其应用。
410  0 @12001 @a21世纪生物技术丛书
606 0  @a组织细胞
606 0  @a细胞化学
606 0  @a组织细胞@x细胞化学
606 0  @a生物化学
690    @aQ26@v4
690    @aQ5@v3
701  0 @a王廷华@AWang Ting Hua@4主编
801  0 @aCN@bTAOJIN@c20070528
905    @a10447@dQ5@e128
    
    组织细胞化学理论与技术/王廷华等主编.-北京:科学出版社,2005
    238页:图;26cm.-(21世纪生物技术丛书)
    
    
    ISBN 7-03-014671-9:CNY48.00
    本书分为上下两篇,上篇介绍了组织细胞化学的基本理论知识;下篇介绍了一些具体的组织细胞化学实验方法及其应用。
●
相关链接 在E读中查询图书 在五车中查询图书 在当当中查询图书 在豆瓣中查询图书


正题名:组织细胞化学理论与技术     索取号:Q5/128         预约/预借

序号 登录号 条形码 馆藏地/架位号 状态 备注
1 0523333   205233335   第二样本阅览室/ [索取号:Q5/128] 在馆    
2 0523334   205233344   第三借阅区/ [索取号:Q5/128] 在馆    
3 0523335   205233353   第三借阅区/ [索取号:Q5/128] 在馆    
4 0523336   205233362   第三借阅区/ [索取号:Q5/128] 在馆    
5 0523337   205233371   第三借阅区/ [索取号:Q5/128] 在馆    
唐山师范学院图书馆 欢迎您!
大连网信软件有限公司© 版权所有